MBTA Commuter Rail Stations - Statistics

General Stats
  • This quiz has been taken 142 times
  • The average score is 99 of 204
Answer Stats
Line Zone Answer % Correct
Fairmount | Fall River | Foxboro | +8 others 1A South Station
95%
Foxboro | Franklin | Needham | +3 others 1A Back Bay
89%
Fitchburg | Haverhill | Lowell | +2 others 1A North Station
82%
Lowell 6 Lowell
79%
Newburyport 8 Newburyport
79%
Providence 8 Providence
79%
Haverhill 7 Haverhill
77%
Rockport 8 Rockport
77%
Newburyport | Rockport 3 Salem
76%
Worcester 8 Worcester
76%
Foxboro 4 Foxboro
74%
Foxboro | Franklin | Needham | +2 others 1A Ruggles
74%
Fitchburg 8 Fitchburg
73%
Rockport 7 Gloucester
69%
Fall River | Kingston | New Bedford 2 Braintree
66%
Newburyport | Rockport 2 Lynn
66%
New Bedford 8 New Bedford
66%
Providence | Stoughton 2 Route 128
66%
Worcester 5 Framingham
65%
Franklin 6 Franklin
65%
Fall River | Greenbush | Kingston | New Bedford 1A JFK/UMass
65%
Newburyport | Rockport 4 Beverly
63%
Newburyport | Rockport 1A Chelsea
63%
Foxboro | Franklin | Needham | +2 others 1A Forest Hills
63%
Kingston 8 Kingston
63%
Stoughton 4 Stoughton
61%
Fitchburg 1A Porter
60%
Providence 7 Attleboro
58%
Rockport 6 Manchester
58%
Providence 8 Pawtucket/Central Falls
58%
Fall River | New Bedford 4 Brockton
56%
Fairmount 1A Fairmount
56%
Haverhill 6 Lawrence
56%
Fall River | New Bedford 8 Middleborough
56%
Fall River | Greenbush | Kingston | New Bedford 1 Quincy Center
56%
Providence 4 Sharon
56%
Lowell 2 Anderson/Woburn
55%
Fitchburg 5 Concord
55%
Foxboro | Franklin | Providence | Stoughton 1 Hyde Park
55%
Providence 6 Mansfield
55%
Providence 9 T.F. Green Airport
55%
Providence 10 Wickford Junction
55%
Fairmount | Foxboro | Franklin 2 Readville
53%
Haverhill 2 Reading
52%
Fitchburg 2 Waltham
52%
Newburyport 6 Ipswich
50%
Fitchburg 8 Wachusett
50%
Providence | Stoughton 3 Canton Junction
48%
Newburyport | Rockport 2 Riverworks
48%
Newburyport | Rockport 3 Swampscott
48%
Haverhill 5 Andover
47%
Worcester 1A Boston Landing
47%
Haverhill 1A Malden Center
47%
Needham 2 Needham Center
47%
Haverhill 1A Oak Grove
47%
Worcester 2 Auburndale
45%
Fall River | New Bedford 8 East Taunton
45%
Greenbush 6 Greenbush
45%
Needham 2 Needham Heights
45%
Fitchburg 8 Ayer
44%
Haverhill 7 Bradford
42%
Franklin 6 Forge Park/495
42%
Fitchburg 4 Lincoln
42%
Haverhill 1 Melrose/Cedar Park
42%
Worcester 1 Newtonville
42%
Lowell 5 North Billerica
42%
Providence 7 South Attleboro
42%
Fitchburg 1 Belmont
40%
Worcester 1A Lansdowne
40%
Fitchburg 8 Shirley
40%
Stoughton 3 Canton Center
39%
Fitchburg 7 Littleton/Route 495
39%
Needham 2 Needham Junction
39%
Worcester 6 Southborough
39%
Worcester 3 Wellesley Hills
39%
Worcester 7 Westborough
39%
Needham 1 West Roxbury
39%
Worcester 4 Natick Center
37%
Newburyport 7 Rowley
37%
Worcester 3 Wellesley Farms
37%
Lowell 3 Wilmington
37%
Foxboro | Franklin 2 Dedham Corporate Center
35%
Worcester 8 Grafton
35%
Fall River | New Bedford 3 Holbrook/Randolph
35%
Worcester 2 West Newton
35%
Haverhill 1 Wyoming Hill
35%
Newburyport 5 North Beverly
34%
Haverhill 2 Wakefield
34%
Fitchburg 5 West Concord
34%
Lowell 1A West Medford
34%
Fairmount 1A Blue Hill Ave
32%
Fitchburg 2 Brandeis/Roberts
32%
Fall River 8 Fall River Depot
32%
Fall River 8 Freetown
32%
Newburyport 5 Hamilton/Wenham
32%
Worcester 6 Ashland
31%
Franklin 4 Walpole
31%
Fitchburg 1 Waverley
31%
Worcester 4 West Natick
31%
Fall River | New Bedford 6 Bridgewater
29%
New Bedford 8 Church St
29%
Fitchburg 8 North Leominster
29%
Lowell 1 Winchester Center
29%
Fall River | New Bedford 4 Montello
27%
Fitchburg 6 South Acton
27%
Fall River | New Bedford 5 Campello
26%
Haverhill 3 North Wilmington
26%
Fairmount 1A Uphams Corner
26%
Rockport 5 Beverly Farms
24%
Rockport 4 Montserrat
24%
Needham 1 Roslindale Village
24%
Worcester 3 Wellesley Square
24%
Fairmount 1A Four Corners/Geneva
23%
Needham 2 Hersey
23%
Foxboro | Franklin 3 Islington
23%
Haverhill 1 Melrose Highlands
23%
Fairmount 1A Newmarket
23%
Foxboro | Franklin 3 Norwood Central
23%
Foxboro | Franklin 3 Norwood Depot
23%
Fitchburg 3 Silver Hill
23%
Rockport 7 West Gloucester
23%
Foxboro | Franklin 2 Endicott
21%
Franklin 5 Norfolk
21%
Kingston 5 Whitman
21%
Kingston 4 Abington
19%
Needham 1 Bellevue
19%
Greenbush 4 Cohasset
19%
Kingston 7 Halifax
19%
Kingston 6 Hanson
19%
Needham 1 Highland
19%
Fitchburg 3 Kendal Green
19%
Lowell 1 Wedgemere
19%
Fairmount 1A Morton St
18%
Kingston 3 South Weymouth
18%
Greenbush 3 West Hingham
18%
Greenbush 2 Weymouth Landing/East Braintree
18%
Haverhill 2 Greenwood
16%
Greenbush 5 North Scituate
16%
Fairmount 1A Talbot Ave
16%
Foxboro | Franklin 4 Windsor Gardens
16%
Haverhill 4 Ballardvale
15%
Greenbush 2 East Weymouth
15%
Greenbush 4 Nantasket Junction
11%
No matching quizzes found
Score Distribution
Percent of People with Each Score
Percentile by Number Answered
Your Score History
You have not taken this quiz